Building data mining applications for CRM (Record no. 182482)

MARC details
000 -LEADER
fixed length control field 00432nam a2200157Ia 4500
005 - DATE AND TIME OF LATEST TRANSACTION
control field 20250429104303.0
008 - FIXED-LENGTH DATA ELEMENTS--GENERAL INFORMATION
fixed length control field 231217s9999 xx 000 0 und d
020 ## - INTERNATIONAL STANDARD BOOK NUMBER
International Standard Book Number 9780071344449
082 ## - DEWEY DECIMAL CLASSIFICATION NUMBER
Classification number 005.7 BER;2 R1
100 ## - MAIN ENTRY--PERSONAL NAME
Personal name Berson, Alex. Smith, Stephen. Thearling, Kurt.
245 #0 - TITLE STATEMENT
Title Building data mining applications for CRM
260 ## - PUBLICATION, DISTRIBUTION, ETC. (IMPRINT)
Date of publication, distribution, etc. 2000
Name of publisher, distributor, etc. New Delhi
Place of publication, distribution, etc. TMH
300 ## - PHYSICAL DESCRIPTION
Extent xxvii+510
650 ## - SUBJECT ADDED ENTRY--TOPICAL TERM
Topical term or geographic name as entry element mining,CRM
942 ## - ADDED ENTRY ELEMENTS (KOHA)
Koha item type Books
Holdings
Date last seen Total Checkouts Full call number Accession number Old discount Price effective from Category Lost status Damaged status Department Withdrawn status bill date Permanent Location Current Location Shelving location Entry date Vendor Grants Currency symbol Conversion rate Discount Discount type
26/01/2024   005.7 BER;2 R1 53120   26/01/2024 Books     Central Library   20/07/2012 Central Library Central Library Central Library 12/03/2009 Publisher DONATED RS 1   Rupees

© For any Suggestions or Query, please contact the library staff @ librarian@pes.edu or Phone: +9180 2672 1983/ 2108.